000 00910nam a2200289 a 4500
001 25784
003 CO-ViMGA
008 141112s2004 ck r 000 u spa d
020 _a9789588654737
040 _aCO-ViMGA
_bspa
_cCO-ViMGA
041 _aSPA
090 _aN LON1
100 1 _aLondon, Jack, 1876 - 1916
_939891
245 1 0 _aLa peste escarlata /
_cJack London ; ilustraciones Luis Scafati ; traducción Marcial Souto
250 _a1a ed.
260 _aBogotá :
_bLibros del Zorro Rojo,
_c2013
300 _a113 p. : il. col.
490 _aIllustrata
500 _aTítulo original : The scarlet plague.
650 1 4 _aAUTORES ESTADOUNIDENSES
_9718
650 1 4 _aFIN DEL MUNDO - NOVELA
_939892
650 1 4 _aNOVELA ESTADOUNIDENSE - SIGLO XIX
_939893
650 1 4 _aPLAGAS - NOVELA
_939894
700 1 _aScafati, Luis, 1947 -
_939895
700 1 _aSouto, Marcial
_939896
942 _2ddc
_cBK
999 _c5350
_d5350